[Event "Dubna"]
[Site "Dubna"]
[Date "1976.??.??"]
[Round "?"]
[White "Lutikov, Anatoly S"]
[Black "Padevsky, Nikola Bochev"]
[Result "1-0"]
[WhiteElo "2500"]
[BlackElo "2475"]
[PlyCount "67"]
[EventDate "1976.??.??"]
[EventType "tourn"]
[EventRounds "15"]
[EventCountry "URS"]
[SourceTitle "EXT 1999"]
[Source "ChessBase"]
[SourceDate "1998.11.16"]
[SourceVersion "1"]
[SourceVersionDate "1998.11.16"]
[SourceQuality "1"]

1. e4 d6 2. d4 Nf6 3. Nc3 g6 4. Bf4 c6 5. Qd2 b5 6. a3 Nbd7 7. Nf3 a6 8. h3 Bg7
9. e5 dxe5 10. dxe5 Ng8 11. e6 fxe6 12. Ng5 Nb6 13. Qxd8+ Kxd8 14. Nf7+ Ke8 15.
Nxh8 Bxh8 16. O-O-O Nd5 17. Bd2 Nxc3 18. Bxc3 Bxc3 19. bxc3 Nf6 20. Re1 Nd5 21.
h4 Kf7 22. Rh3 Bd7 23. h5 g5 24. h6 c5 25. c4 Nf4 26. Rb3 bxc4 27. Bxc4 Nxg2
28. Rg1 Nh4 29. Rxg5 Kf6 30. Rxc5 Nf5 31. Rb6 Nxh6 32. Rc7 Rd8 33. a4 Nf5 34.
a5 1-0

[Event "ZSK International-17 Odessa"]
[Site "Odessa"]
[Date "1976.08.??"]
[Round "8"]
[White "Lutikov, Anatoly S"]
[Black "Silva, Fernando"]
[Result "1-0"]
[WhiteElo "2500"]
[BlackElo "2340"]
[PlyCount "79"]
[EventDate "1976.07.31"]
[EventType "tourn"]
[EventRounds "15"]
[EventCountry "URS"]
[SourceTitle "EXT 1998"]
[Source "ChessBase"]
[SourceDate "1997.11.17"]
[SourceVersion "1"]
[SourceVersionDate "1997.11.17"]
[SourceQuality "1"]

1. e4 c5 2. Nf3 Nc6 3. Bb5 g6 4. O-O Bg7 5. c3 Nf6 6. d4 Nxe4 7. d5 Nb8 8. Re1
Nd6 9. Bf4 Nxb5 10. a4 O-O 11. axb5 d6 12. Qe2 e5 13. dxe6 Bxe6 14. Ng5 Re8 15.
Ne4 Bd7 16. Qd2 Bxb5 17. Na3 Bc6 18. Nxd6 Rxe1+ 19. Rxe1 Na6 20. Nac4 Nc7 21.
Ne5 Bxe5 22. Bxe5 Ne6 23. b4 cxb4 24. cxb4 a6 25. Qa2 Qd7 26. b5 Bxb5 27. Ne4
Qd3 28. Nf6+ Kf8 29. Nxh7+ Kg8 30. Nf6+ Kf8 31. h3 Rc8 32. Qa1 Rc2 33. Rd1 Qe2
34. Bg3 Bc6 35. Kh2 g5 36. Rd8+ Ke7 37. Rd7+ Bxd7 38. Nd5+ Kd8 39. Qf6+ Kc8 40.
Nb6# 1-0

[Event "ZSK International-17 Odessa"]
[Site "Odessa"]
[Date "1976.08.??"]
[Round "12"]
[White "Lutikov, Anatoly S"]
[Black "Tarjan, James Edward"]
[Result "1-0"]
[WhiteElo "2500"]
[BlackElo "2490"]
[PlyCount "53"]
[EventDate "1976.07.31"]
[EventType "tourn"]
[EventRounds "15"]
[EventCountry "URS"]
[SourceTitle "EXT 1998"]
[Source "ChessBase"]
[SourceDate "1997.11.17"]
[SourceVersion "1"]
[SourceVersionDate "1997.11.17"]
[SourceQuality "1"]

1. e4 c5 2. Nf3 e6 3. d4 cxd4 4. Nxd4 Nc6 5. Nc3 a6 6. f4 Qc7 7. Nf3 d6 8. Bd3
Nf6 9. O-O Be7 10. Qe1 O-O 11. a3 b5 12. b4 Bb7 13. e5 Nd7 14. exd6 Qxd6 15.
Ne4 Qc7 16. Bb2 f6 17. Neg5 fxg5 18. Qxe6+ Rf7 19. Bxh7+ Kf8 20. Nxg5 Qb6+ 21.
Kh1 Nd8 22. Qxd7 g6 23. Rae1 Bc8 24. Qd5 Bb7 25. Qe5 Qf6 26. Nxf7 Kxf7 27. f5
1-0

[Event "Albena-08"]
[Site "Albena"]
[Date "1976.09.02"]
[Round "2"]
[White "Lutikov, Anatoly S"]
[Black "Ermenkov, Evgenij"]
[Result "1-0"]
[WhiteElo "2500"]
[BlackElo "2435"]
[Annotator "Vogt,L"]
[PlyCount "37"]
[EventDate "1976.09.01"]
[EventType "tourn"]
[EventRounds "13"]
[EventCountry "BUL"]
[EventCategory "7"]
[SourceTitle "EXT 2005"]
[Source "ChessBase"]
[SourceDate "2004.11.15"]
[SourceVersion "1"]
[SourceVersionDate "2004.11.15"]
[SourceQuality "1"]

{Inf 22/376 und SCHACH 11/1976} 1. e4 c5 2. Nf3 Nc6 3. Bb5 g6 4. O-O Bg7 5. c3
Nf6 6. d4 cxd4 7. cxd4 Nxe4 $6 {Dieser Zug sollte besser} ({durch} 7... d5 {
ersetzt werden. Weiss bekommt jetzt starkes Spiel fьr den geopferten Bauern.})
8. d5 Nd6 ({Eventuell kommt} 8... Nb8 {in Betracht.}) 9. Na3 Ne5 10. Nxe5 Bxe5
11. Re1 Nxb5 12. Rxe5 f6 $2 {[#] Es ist schon schwer, eine gute Fortsetzung zu
finden,} ({aber} 12... d6 {war die richtige Verteidigungsidee. Nun folgt
Schlag auf Schlag!}) 13. Nxb5 $1 fxe5 14. d6 O-O 15. Bg5 Qb6 16. dxe7 Qxb5 17.
exf8=Q+ Kxf8 18. Qd6+ Kg8 19. Bh6 1-0

[Event "Albena-08"]
[Site "Albena"]
[Date "1976.09.04"]
[Round "4"]
[White "Lutikov, Anatoly S"]
[Black "Ornstein, Axel"]
[Result "1-0"]
[WhiteElo "2500"]
[BlackElo "2470"]
[PlyCount "107"]
[EventDate "1976.09.01"]
[EventType "tourn"]
[EventRounds "13"]
[EventCountry "BUL"]
[EventCategory "7"]
[SourceTitle "EXT 2005"]
[Source "ChessBase"]
[SourceDate "2004.11.15"]
[SourceVersion "1"]
[SourceVersionDate "2004.11.15"]
[SourceQuality "1"]

1. e4 e5 2. Nf3 Nc6 3. Bb5 a6 4. Ba4 Nf6 5. O-O Be7 6. d3 d6 7. c3 O-O 8. Nbd2
Bd7 9. Re1 Re8 10. d4 b5 11. Bc2 Bf8 12. Nb3 h6 13. h3 Qb8 14. dxe5 Nxe5 15.
Nxe5 dxe5 16. Be3 a5 17. Qf3 a4 18. Nc5 Bc6 19. b3 Qd8 20. bxa4 bxa4 21. Rab1
Nh7 22. Red1 Qh4 23. Qg4 Qxg4 24. hxg4 Ng5 25. f3 Ne6 26. Nd3 Bd6 27. Kf2 Reb8
28. Nb4 Bb5 29. Bd3 Bxd3 30. Nxd3 Kf8 31. Ke2 Ke8 32. g3 f6 33. Kd2 Kd7 34. Kc2
Rxb1 35. Rxb1 Kc6 36. Rh1 Ba3 37. f4 exf4 38. gxf4 Bd6 39. Kd2 Re8 40. Ke2 Nc5
41. Bxc5 Bxc5 42. Kf3 Bd6 43. c4 a3 44. Rb1 Ra8 45. e5 fxe5 46. fxe5 Be7 47.
Ke4 Ra4 48. Kd4 Kd7 49. Rb8 Ra6 50. Nf4 Bg5 51. e6+ Kd6 52. c5+ Kc6 53. Nd5
Ra4+ 54. Nb4+ 1-0

[Event "Albena-08"]
[Site "Albena"]
[Date "1976.09.10"]
[Round "9"]
[White "Spiridonov, Nikola"]
[Black "Lutikov, Anatoly S"]
[Result "0-1"]
[WhiteElo "2490"]
[BlackElo "2500"]
[PlyCount "84"]
[EventDate "1976.09.01"]
[EventType "tourn"]
[EventRounds "13"]
[EventCountry "BUL"]
[EventCategory "7"]
[SourceTitle "EXT 2005"]
[Source "ChessBase"]
[SourceDate "2004.11.15"]
[SourceVersion "1"]
[SourceVersionDate "2004.11.15"]
[SourceQuality "1"]

1. Nf3 d6 2. d4 f5 3. g3 g6 4. Bg2 Bg7 5. O-O Nf6 6. Qd3 O-O 7. Nbd2 Nc6 8. e4
Kh8 9. exf5 Bxf5 10. Qb3 Rb8 11. c3 Qd7 12. Re1 Nd8 13. Nf1 b5 14. Bf4 a5 15.
a3 Ne6 16. Be3 Be4 17. Bh3 Nxd4 18. Nxd4 Qxh3 19. f3 Bd5 20. Qd1 Ng4 21. Qd2
Ne5 22. f4 Nc4 23. Qe2 e5 24. Nf3 Rbe8 25. Ng5 Qd7 26. Rad1 Bb7 27. f5 Rxf5 28.
Bc1 Ref8 29. Ne4 Qc6 30. g4 Qb6+ 31. Ne3 Rf3 32. b3 Nxe3 33. Bxe3 Qc6 34. Bd2
Qd7 35. Qg2 Qc8 36. h3 Qa8 37. Ng5 Rxc3 38. Qxb7 Qxb7 39. Bxc3 h6 40. Ne4 Rf3
41. Kh2 d5 42. Nc5 Qc6 0-1

[Event "Yerevan"]
[Site "Yerevan"]
[Date "1977.??.??"]
[Round "4"]
[White "Donchenko, Anatoly G"]
[Black "Lutikov, Anatoly S"]
[Result "0-1"]
[WhiteElo "2395"]
[BlackElo "2540"]
[PlyCount "36"]
[EventDate "1977.??.??"]
[EventType "tourn"]
[EventRounds "17"]
[EventCountry "URS"]
[EventCategory "5"]
[SourceTitle "MCD"]
[Source "ChessBase"]
[SourceDate "1999.07.01"]
[SourceVersion "1"]
[SourceVersionDate "1999.07.01"]
[SourceQuality "1"]

1. Nf3 f5 2. g3 Nf6 3. Bg2 g6 4. c4 Bg7 5. d4 O-O 6. Nc3 d6 7. O-O c6 8. d5 e5
9. dxe6 Bxe6 10. Qd3 Na6 11. Bf4 Qa5 12. Rab1 Rad8 13. b3 d5 14. Ng5 dxc4 15.
Qe3 Bc8 16. Qc1 Nh5 17. b4 Nxb4 18. Bd2 Nxa2 0-1

[Event "Yerevan"]
[Site "Yerevan"]
[Date "1977.??.??"]
[Round "12"]
[White "Katalymov, Boris N"]
[Black "Lutikov, Anatoly S"]
[Result "0-1"]
[WhiteElo "2415"]
[BlackElo "2540"]
[PlyCount "84"]
[EventDate "1977.??.??"]
[EventType "tourn"]
[EventRounds "17"]
[EventCountry "URS"]
[EventCategory "5"]
[SourceTitle "MCD"]
[Source "ChessBase"]
[SourceDate "1999.07.01"]
[SourceVersion "1"]
[SourceVersionDate "1999.07.01"]
[SourceQuality "1"]

1. e4 e5 2. Nf3 Nc6 3. Bb5 a6 4. Ba4 g6 5. Bxc6 dxc6 6. O-O Bg7 7. d3 c5 8.
Nbd2 Ne7 9. a4 a5 10. b3 Nc6 11. Nc4 O-O 12. Bb2 Re8 13. Kh1 Ra6 14. Bc3 f5 15.
Qe1 f4 16. Nxa5 Nxa5 17. Bxa5 g5 18. Ng1 g4 19. f3 g3 20. h3 Ree6 21. Bc3 Rh6
22. Qe2 Rag6 23. Rfd1 Be6 24. Rd2 Qc8 25. Qf1 Rg5 26. a5 Bf8 27. a6 bxa6 28.
Ra5 Qb7 29. Re2 Rgh5 30. Qa1 Qc8 31. Qf1 Bd6 32. Bb2 Rh4 33. Ba3 Qf8 34. Rxa6
R6h5 35. Bxc5 Bxh3 36. Nxh3 Bxc5 37. d4 exd4 38. Rd2 Qf7 39. Ra5 Qd7 40. b4
Rxh3+ 41. gxh3 Rxh3+ 42. Kg1 d3+ 0-1

[Event "Leipzig DSV"]
[Site "Leipzig"]
[Date "1977.12.03"]
[Round "3"]
[White "Lutikov, Anatoly S"]
[Black "Hesse, Peter"]
[Result "1-0"]
[WhiteElo "2540"]
[BlackElo "2415"]
[PlyCount "55"]
[EventDate "1977.12.01"]
[EventType "tourn"]
[EventRounds "15"]
[EventCountry "DDR"]
[EventCategory "9"]
[SourceTitle "EXT 2000"]
[Source "ChessBase"]
[SourceDate "1999.11.16"]
[SourceVersion "1"]
[SourceVersionDate "1999.11.16"]
[SourceQuality "1"]

1. e4 c5 2. Nf3 e6 3. d4 cxd4 4. Nxd4 a6 5. Bd3 Nf6 6. O-O Qc7 7. Qe2 d6 8. f4
Nc6 9. Nxc6 bxc6 10. c4 Be7 11. Nc3 Nd7 12. Be3 O-O 13. Rf3 g6 14. Rc1 Bf6 15.
c5 e5 16. cxd6 Qxd6 17. f5 a5 18. Bc4 Kh8 19. Qf2 g5 20. Rh3 Qe7 21. Rd1 Rg8
22. Qd2 Rb8 23. Na4 Rd8 24. Qxa5 Kg7 25. Rg3 h6 26. h4 Rg8 27. Qc7 Kh7 28. b3
1-0

[Event "Leipzig DSV"]
[Site "Leipzig"]
[Date "1977.12.06"]
[Round "6"]
[White "Lutikov, Anatoly S"]
[Black "Gaprindashvili, Nona"]
[Result "1-0"]
[WhiteElo "2540"]
[BlackElo "2430"]
[PlyCount "79"]
[EventDate "1977.12.01"]
[EventType "tourn"]
[EventRounds "15"]
[EventCountry "DDR"]
[EventCategory "9"]
[SourceTitle "EXT 2000"]
[Source "ChessBase"]
[SourceDate "1999.11.16"]
[SourceVersion "1"]
[SourceVersionDate "1999.11.16"]
[SourceQuality "1"]

1. e4 g6 2. d4 Bg7 3. Nf3 d6 4. c4 Nd7 5. Nc3 e5 6. Be2 Nh6 7. O-O O-O 8. Rb1
c6 9. dxe5 dxe5 10. b4 f6 11. c5 a5 12. a3 axb4 13. axb4 Kh8 14. Nd2 b6 15.
cxb6 Nxb6 16. Nb3 Be6 17. Na5 Qc7 18. Be3 Rfc8 19. Rc1 Bf8 20. Nxc6 Qxc6 21.
Nd5 Qb7 22. Nxb6 Rd8 23. Qc2 Ra2 24. Qc6 Qxc6 25. Rxc6 Rxe2 26. Rxe6 Ng4 27.
Nd5 Nxe3 28. fxe3 Bxb4 29. Rfxf6 Bc5 30. Rf7 Ra8 31. h4 Kg8 32. Rc7 Bxe3+ 33.
Kh1 Ra1+ 34. Kh2 Bg1+ 35. Kh3 Ra3+ 36. Kg4 h5+ 37. Kg5 Rg3+ 38. Kh6 Kf8 39. Nf6
Be3+ 40. Kh7 1-0

[Event "Leipzig DSV"]
[Site "Leipzig"]
[Date "1977.12.14"]
[Round "13"]
[White "Bueno Perez, Lazaro A"]
[Black "Lutikov, Anatoly S"]
[Result "0-1"]
[WhiteElo "2320"]
[BlackElo "2540"]
[PlyCount "70"]
[EventDate "1977.12.01"]
[EventType "tourn"]
[EventRounds "15"]
[EventCountry "DDR"]
[EventCategory "9"]
[SourceTitle "EXT 2000"]
[Source "ChessBase"]
[SourceDate "1999.11.16"]
[SourceVersion "1"]
[SourceVersionDate "1999.11.16"]
[SourceQuality "1"]

1. e4 Nc6 2. d4 e5 3. Nf3 exd4 4. Nxd4 Bc5 5. Be3 Qf6 6. c3 Nge7 7. Bc4 Ne5 8.
Qe2 Nxc4 9. Qxc4 Bb6 10. Nd2 O-O 11. O-O-O c6 12. Qe2 d5 13. Qh5 Qg6 14. Qxg6
hxg6 15. Rhe1 dxe4 16. Nxe4 Nd5 17. h3 Rd8 18. c4 Nxe3 19. fxe3 Kf8 20. c5 Bc7
21. Rf1 Ke7 22. Ng5 f6 23. Ngf3 Rd5 24. Nb3 Be6 25. Rxd5 Bxd5 26. Nbd2 a5 27.
b3 Rd8 28. Re1 Bxf3 29. gxf3 Rd5 30. Ne4 f5 31. Nc3 Rxc5 32. Kd2 Re5 33. Kd3
Kf6 34. e4 Re8 35. Re2 Rh8 0-1

[Event "Minsk Sokolsky Memorial-08"]
[Site "Minsk"]
[Date "1978.01.??"]
[Round "?"]
[White "Lutikov, Anatoly S"]
[Black "Kapengut, Albert Z"]
[Result "1-0"]
[WhiteElo "2540"]
[BlackElo "2465"]
[PlyCount "61"]
[EventDate "1978.01.08"]
[EventType "tourn"]
[EventRounds "17"]
[EventCountry "URS"]
[SourceTitle "EXT 2001"]
[Source "ChessBase"]
[SourceDate "2000.11.22"]
[SourceVersion "1"]
[SourceVersionDate "2000.11.22"]
[SourceQuality "1"]

1. e4 c5 2. Nf3 Nc6 3. d4 cxd4 4. Nxd4 e6 5. Nc3 d6 6. Be2 Be7 7. Be3 Nf6 8. f4
O-O 9. Qd2 Nxd4 10. Qxd4 Qa5 11. O-O e5 12. Qd2 exf4 13. Rxf4 Re8 14. Bb5 Rd8
15. b4 Qxb4 16. e5 Qxf4 17. Bxf4 dxe5 18. Qe1 Bc5+ 19. Be3 Bb4 20. a3 Ba5 21.
Bg5 Nd5 22. Bd2 Nf6 23. Bd3 Ng4 24. Kh1 Bb6 25. Nd1 f5 26. h3 Nf6 27. Qxe5 Bd4
28. Qc7 Be6 29. Rb1 Bd5 30. Ne3 Rac8 31. Qf4 1-0

[Event "Minsk Sokolsky Memorial-08"]
[Site "Minsk"]
[Date "1978.01.??"]
[Round "?"]
[White "Lutikov, Anatoly S"]
[Black "Yuferov, Sergey N"]
[Result "1-0"]
[WhiteElo "2540"]
[BlackElo "2450"]
[PlyCount "99"]
[EventDate "1978.01.08"]
[EventType "tourn"]
[EventRounds "17"]
[EventCountry "URS"]
[SourceTitle "EXT 2001"]
[Source "ChessBase"]
[SourceDate "2000.11.22"]
[SourceVersion "1"]
[SourceVersionDate "2000.11.22"]
[SourceQuality "1"]

1. e4 c5 2. Nf3 d6 3. d4 cxd4 4. Nxd4 Nf6 5. Nc3 a6 6. h3 e5 7. Nde2 Be6 8. g4
Nbd7 9. Bg2 Be7 10. Ng3 g6 11. Bh6 Nb6 12. O-O Qc7 13. Qf3 Nfd7 14. Rfd1 Rc8
15. a4 Nc4 16. Bc1 O-O 17. Nf5 gxf5 18. exf5 Na5 19. Bh6 Bc4 20. g5 Rfe8 21.
Qh5 Kh8 22. f6 Nxf6 23. gxf6 Bxf6 24. Be4 Rg8+ 25. Kh2 Rg6 26. Bxg6 hxg6 27.
Qf3 Bg7 28. Bxg7+ Kxg7 29. Ne4 d5 30. Qf6+ Kg8 31. Nd6 Rd8 32. Nf5 e4+ 33. Kh1
gxf5 34. Qh6 Be2 35. Rg1+ Bg4 36. hxg4 f4 37. g5 Rd6 38. g6 fxg6 39. Rxg6+ Rxg6
40. Qxg6+ Qg7 41. Qh5 Qh7 42. Rg1+ Kh8 43. Qxh7+ Kxh7 44. Rg5 Nc4 45. Rxd5 Nxb2
46. Rd4 e3 47. fxe3 fxe3 48. Kg2 b5 49. axb5 axb5 50. Kf3 1-0

[Event "Jurmala International"]
[Site "Jurmala"]
[Date "1978.06.05"]
[Round "3"]
[White "Lutikov, Anatoly S"]
[Black "Knaak, Rainer"]
[Result "1-0"]
[WhiteElo "2540"]
[BlackElo "2520"]
[PlyCount "85"]
[EventDate "1978.06.03"]
[EventType "tourn"]
[EventRounds "15"]
[EventCountry "URS"]
[EventCategory "9"]
[SourceTitle "EXT 1999"]
[Source "ChessBase"]
[SourceDate "1998.11.16"]
[SourceVersion "1"]
[SourceVersionDate "1998.11.16"]
[SourceQuality "1"]

1. e4 c5 2. Nf3 e6 3. d4 cxd4 4. Nxd4 Nf6 5. Nc3 d6 6. g4 h6 7. Bg2 Nc6 8. Nb3
a5 9. a4 Be7 10. h3 e5 11. Be3 Nb4 12. Qd2 Be6 13. O-O Rc8 14. f4 exf4 15. Rxf4
Bxb3 16. cxb3 Nd7 17. Rf5 Ne5 18. Raf1 g6 19. R5f2 Bh4 20. Re2 Bg5 21. Rd1 Rc6
22. Rf2 O-O 23. Bf1 Bxe3 24. Qxe3 Qh4 25. Bb5 Nxg4 26. hxg4 Qxg4+ 27. Kh2 Qh4+
28. Kg2 Rc5 29. Rg1 Re5 30. Kf1 d5 31. Qf4 Qh3+ 32. Ke1 Re6 33. Rh2 Nd3+ 34.
Bxd3 Qxd3 35. Qxh6 Rxe4+ 36. Nxe4 Qxe4+ 37. Re2 Qb1+ 38. Kf2 Qf5+ 39. Kg3 d4
40. Rf2 Qd3+ 41. Rf3 Qe2 42. Rh1 Qe5+ 43. Kf2 1-0

[Event "Jurmala International"]
[Site "Jurmala"]
[Date "1978.06.07"]
[Round "4"]
[White "Lutikov, Anatoly S"]
[Black "Kirpichnikov, Vladimir S"]
[Result "1-0"]
[WhiteElo "2540"]
[BlackElo "2395"]
[PlyCount "87"]
[EventDate "1978.06.03"]
[EventType "tourn"]
[EventRounds "15"]
[EventCountry "URS"]
[EventCategory "9"]
[SourceTitle "EXT 1999"]
[Source "ChessBase"]
[SourceDate "1998.11.16"]
[SourceVersion "1"]
[SourceVersionDate "1998.11.16"]
[SourceQuality "1"]

1. e4 c5 2. Nf3 Nc6 3. Bb5 e6 4. O-O Nge7 5. Re1 Ng6 6. c3 a6 7. Bf1 d6 8. d4
Be7 9. Na3 O-O 10. Nc2 e5 11. dxc5 dxc5 12. Ne3 Nh4 13. Nxh4 Bxh4 14. Bc4 Qxd1
15. Rxd1 Rd8 16. Nd5 Be6 17. Be3 Rac8 18. g3 Na5 19. gxh4 Nxc4 20. Ne7+ Kf8 21.
Nxc8 Rxc8 22. Bc1 Bg4 23. Rd5 f6 24. b3 Nb6 25. Rd3 c4 26. Rg3 Be2 27. Ba3+ Kf7
28. Re1 Bh5 29. Bc1 cxb3 30. axb3 Nd7 31. Ba3 Nc5 32. Bxc5 Rxc5 33. h3 Rc7 34.
Rd3 Ke7 35. Kg2 a5 36. Ra1 Bf7 37. Rg3 Kf8 38. b4 axb4 39. Ra8+ Be8 40. cxb4
Rc4 41. b5 Rc5 42. Rb3 Ke7 43. Rb8 Rxb5 44. Rxe8+ 1-0

[Event "Jurmala International"]
[Site "Jurmala"]
[Date "1978.06.09"]
[Round "6"]
[White "Lutikov, Anatoly S"]
[Black "Lanka, Zigurds"]
[Result "1-0"]
[WhiteElo "2540"]
[BlackElo "2440"]
[PlyCount "71"]
[EventDate "1978.06.03"]
[EventType "tourn"]
[EventRounds "15"]
[EventCountry "URS"]
[EventCategory "9"]
[SourceTitle "EXT 1999"]
[Source "ChessBase"]
[SourceDate "1998.11.16"]
[SourceVersion "1"]
[SourceVersionDate "1998.11.16"]
[SourceQuality "1"]

1. e4 e5 2. f4 Bc5 3. Nf3 d6 4. fxe5 dxe5 5. c3 Qe7 6. d4 exd4 7. cxd4 Bb6 8.
Nc3 Bg4 9. Qa4+ Nd7 10. Bg5 f6 11. Bf4 Nh6 12. O-O-O Nf7 13. Nd5 Qd8 14. Qa3 c6
15. Ne3 Be6 16. Nf5 Rg8 17. Bd3 Nf8 18. Rhe1 Bc7 19. Bxc7 Qxc7 20. e5 g6 21. g4
gxf5 22. gxf5 Bd5 23. exf6+ Kd8 24. Qe7+ Qxe7 25. fxe7+ Ke8 26. exf8=Q+ Kxf8
27. Ne5 Rg2 28. Nd7+ Kg7 29. Re2 h5 30. h4 Kh6 31. Ne5 Rf8 32. Ng6 Rc8 33. Nf4
Rg4 34. Ne6 Nd6 35. f6 Ne4 36. f7 1-0

[Event "Jurmala International"]
[Site "Jurmala"]
[Date "1978.06.13"]
[Round "8"]
[White "Lutikov, Anatoly S"]
[Black "Sahovic, Dragutin"]
[Result "1-0"]
[WhiteElo "2540"]
[BlackElo "2490"]
[PlyCount "60"]
[EventDate "1978.06.03"]
[EventType "tourn"]
[EventRounds "15"]
[EventCountry "URS"]
[EventCategory "9"]
[SourceTitle "EXT 1999"]
[Source "ChessBase"]
[SourceDate "1998.11.16"]
[SourceVersion "1"]
[SourceVersionDate "1998.11.16"]
[SourceQuality "1"]

1. e4 e6 2. d4 d5 3. Nc3 Bb4 4. Bd3 dxe4 5. Bxe4 Nf6 6. Bg5 Nbd7 7. Qd3 h6 8.
Bxf6 Qxf6 9. Nge2 O-O 10. O-O c6 11. f4 Rd8 12. Qf3 Qe7 13. a3 Bd6 14. Kh1 Nf6
15. Bd3 b6 16. Ne4 Bb7 17. N2g3 Nxe4 18. Bxe4 Rac8 19. f5 Bxg3 20. Qxg3 Rxd4
21. f6 Qf8 22. Rf4 Rcd8 23. h4 g6 24. Raf1 Kh8 25. Kh2 Rd1 26. R1f2 Bc8 27. Bd3
Qd6 28. Qf3 e5 29. Re4 Ra1 30. Qe3 Kh7 1-0

[Event "Jurmala International"]
[Site "Jurmala"]
[Date "1978.06.18"]
[Round "12"]
[White "Lutikov, Anatoly S"]
[Black "Ermenkov, Evgenij"]
[Result "1-0"]
[WhiteElo "2540"]
[BlackElo "2520"]
[PlyCount "159"]
[EventDate "1978.06.03"]
[EventType "tourn"]
[EventRounds "15"]
[EventCountry "URS"]
[EventCategory "9"]
[SourceTitle "EXT 1999"]
[Source "ChessBase"]
[SourceDate "1998.11.16"]
[SourceVersion "1"]
[SourceVersionDate "1998.11.16"]
[SourceQuality "1"]

1. e4 e5 2. f4 exf4 3. Bc4 Nf6 4. Nc3 c6 5. d4 Bb4 6. Bd3 d5 7. e5 Bg4 8. Nf3
Ne4 9. O-O Nxc3 10. bxc3 Bxc3 11. Rb1 Bxd4+ 12. Kh1 Nd7 13. Bxf4 Bb6 14. Qe1
Bxf3 15. Rxf3 Nc5 16. Qg3 Ne6 17. Rbf1 Qe7 18. Bd2 Rf8 19. Bxh7 O-O-O 20. Bf5
Kb8 21. Bxe6 Qxe6 22. Qxg7 Bc7 23. Rxf7 Rxf7 24. Qxf7 Qxf7 25. Rxf7 Bxe5 26. g4
d4 27. g5 b5 28. Bf4 Bxf4 29. Rxf4 Kc7 30. h4 c5 31. g6 c4 32. g7 Rg8 33. Rf7+
Kd6 34. h5 Ke6 35. Rxa7 d3 36. cxd3 cxd3 37. Ra6+ Ke5 38. Ra7 Rd8 39. Rd7 Rxd7
40. g8=Q d2 41. Qe8+ Kd6 42. Qe2 Kc5 43. Qd1 b4 44. Kg2 Rd6 45. Kf2 b3 46. axb3
Kb4 47. Ke2 Kc3 48. b4 Re6+ 49. Kf2 Rf6+ 50. Kg3 Re6 51. Qa1+ Kc2 52. Qa2+ Kc3
53. Qxe6 d1=Q 54. Qc8+ Kb2 55. Qc5 Qd3+ 56. Kf4 Qd2+ 57. Kf5 Qh6 58. Ke4 Qh7+
59. Qf5 Qb7+ 60. Qd5 Qh7+ 61. Kf3 Qb1 62. Ke2 Qc2+ 63. Qd2 Ka1 64. Ke3 Qb3+ 65.
Kd4 Qa4 66. Qc1+ Ka2 67. Qc4+ Kb2 68. b5 Qd1+ 69. Kc5 Qxh5+ 70. Qd5 Qh3 71. b6
Qc8+ 72. Kb4 Qf8+ 73. Ka4 Qf4+ 74. Ka5 Ka3 75. b7 Qc7+ 76. Ka6 Qf4 77. Qa5+ Kb2
78. Qb5+ Ka3 79. b8=Q Qc4 80. Qg3+ 1-0

[Event "URS"]
[Site "Soviet Union"]
[Date "1979.??.??"]
[Round "?"]
[White "Lutikov, Anatoly S"]
[Black "Podgaets, Mikhail"]
[Result "1-0"]
[WhiteElo "2515"]
[BlackElo "2450"]
[PlyCount "115"]
[EventDate "1979.??.??"]
[EventType "game"]
[EventRounds "9"]
[EventCountry "URS"]
[SourceTitle "EXT 2010"]
[Source "ChessBase"]
[SourceDate "2010.11.25"]
[SourceVersion "1"]
[SourceVersionDate "2010.11.25"]
[SourceQuality "1"]

1. e4 d6 2. d4 Nf6 3. Nc3 g6 4. f4 Bg7 5. Nf3 c5 6. Bb5+ Bd7 7. e5 Ng4 8. e6
Bxb5 9. exf7+ Kd7 10. Nxb5 Qa5+ 11. Nc3 cxd4 12. Nxd4 Bxd4 13. Qxd4 Nc6 14. Qe4
Qb6 15. Qf3 h5 16. h3 Nh6 17. Nd5 Qb5 18. c3 Nf5 19. b3 e6 20. Nf6+ Ke7 21. Ne4
Rac8 22. Bb2 Ncd4 23. cxd4 Rc2 24. Rc1 Rhc8 25. Kd1 Rxc1+ 26. Bxc1 Nxd4 27. Qe3
Qd5 28. Bd2 Nf5 29. Qe2 Qd4 30. Ke1 Rc2 31. Ng5 Qa1+ 32. Qd1 Rxa2 33. Qc1 Qxc1+
34. Bxc1 Nd4 35. Kd1 Nxb3 36. Re1 Nc5 37. g4 hxg4 38. hxg4 Ra1 39. Kc2 Ra4 40.
Nxe6 Rc4+ 41. Kd1 Kxf7 42. Ng5+ Kf8 43. Rh1 Nd3 44. Be3 Ke8 45. Rf1 Nb4 46. f5
gxf5 47. gxf5 Nd5 48. Bd2 a5 49. f6 Nxf6 50. Rxf6 a4 51. Rf4 Rxf4 52. Bxf4 Kd7
53. Ne4 Kc6 54. Nxd6 b5 55. Kc2 b4 56. Kd3 Kc5 57. Ne4+ Kb5 58. Be5 1-0

[Event "URS-chT Republics 14th Group3"]
[Site "Moscow"]
[Date "1979.07.??"]
[Round "1"]
[White "Lutikov, Anatoly S"]
[Black "Nei, Iivo"]
[Result "1-0"]
[WhiteElo "2515"]
[BlackElo "2400"]
[PlyCount "77"]
[EventDate "1979.07.10"]
[EventType "team-tourn"]
[EventRounds "4"]
[EventCountry "URS"]
[SourceTitle "EXT 2020"]
[Source "ChessBase"]
[SourceDate "2019.10.17"]
[SourceVersion "1"]
[SourceVersionDate "2019.10.17"]
[SourceQuality "1"]
[WhiteTeam "Moldova"]
[BlackTeam "Estonia"]
[WhiteTeamCountry "MDA"]
[BlackTeamCountry "EST"]

1. e4 e5 2. Nf3 Nc6 3. Bb5 a6 4. Ba4 Nf6 5. O-O Be7 6. Bxc6 dxc6 7. d3 Nd7 8.
Nbd2 O-O 9. Nc4 Bf6 10. b4 Re8 11. Bb2 g6 12. Re1 Bg7 13. d4 exd4 14. Bxd4 Nf6
15. Qd3 b6 16. Rad1 Qe7 17. Qc3 c5 18. bxc5 bxc5 19. Be5 Bg4 20. h3 Bxf3 21.
Qxf3 Rab8 22. a3 Rbd8 23. Rb1 Qe6 24. Qb3 Rd7 25. f3 Red8 26. Bc3 Nh5 27. Bxg7
Kxg7 28. Qc3+ Kg8 29. Ne3 Nf4 30. Ng4 Rd4 31. Qe3 g5 32. h4 Rd2 33. Kh1 Rxg2
34. Rg1 Rdd2 35. Rxg2 Rxg2 36. hxg5 Rxg4 37. fxg4 Qxg4 38. Rb8+ Kg7 39. Qc3+
1-0

[Event "MDA-ch"]
[Site "Kishinev"]
[Date "1980.??.??"]
[Round "?"]
[White "Lutikov, Anatoly S"]
[Black "Chebanenko, Vecheslav"]
[Result "1-0"]
[WhiteElo "2425"]
[BlackElo "2410"]
[PlyCount "67"]
[EventDate "1980.??.??"]
[EventType "tourn"]
[EventRounds "13"]
[EventCountry "URS"]
[SourceTitle "EXT 2002"]
[Source "ChessBase"]
[SourceDate "2001.11.25"]
[SourceVersion "1"]
[SourceVersionDate "2001.11.25"]
[SourceQuality "1"]

1. d4 d6 2. Nf3 Nf6 3. c4 c6 4. Nc3 Nbd7 5. e4 e5 6. Be2 g6 7. O-O Bg7 8. d5
O-O 9. dxc6 Nc5 10. c7 Qxc7 11. Nd2 a5 12. b3 b6 13. Ba3 Bb7 14. Bf3 Bh6 15.
Re1 Bc6 16. Nf1 Rad8 17. Bc1 Bxc1 18. Rxc1 Qb7 19. Ng3 Kg7 20. Qd2 h6 21. Red1
Ne6 22. Qe3 Nc5 23. Rd2 Qe7 24. Bd1 Rh8 25. a3 Rb8 26. b4 Ne6 27. Nd5 Qd8 28.
Nxf6 Kxf6 29. Bg4 Qe7 30. Bxe6 Qxe6 31. Rcd1 Qxc4 32. Rxd6+ Ke7 33. Qf3 f5 34.
Rxg6 1-0